Seismic Assessment of Corrosion Resistant High Strength Low Alloy Steel (ASTM A588) Braced Frame using SAP2000 and MATLAB/Simulink / (Record no. 541111)

000 -LEADER
fixed length control field 00610nam a22001577a 4500
082 ## - DEWEY DECIMAL CLASSIFICATION NUMBER
Classification number 621
100 ## - MAIN ENTRY--PERSONAL NAME
Personal name Saeed ,Ubedullah
245 ## - TITLE STATEMENT
Title Seismic Assessment of Corrosion Resistant High Strength Low Alloy Steel (ASTM A588) Braced Frame using SAP2000 and MATLAB/Simulink /
Statement of responsibility, etc. Ubedullah Saeed
260 ## - PUBLICATION, DISTRIBUTION, ETC.
Place of publication, distribution, etc. Islamabad :
Name of publisher, distributor, etc. SMME - NUST,
Date of publication, distribution, etc. 2014.
300 ## - PHYSICAL DESCRIPTION
Extent 89 p. ;
Dimensions 30cm.
650 ## - SUBJECT ADDED ENTRY--TOPICAL TERM
Topical term or geographic name entry element Mechanical Engineering-MS-Thesis
700 ## - ADDED ENTRY--PERSONAL NAME
Personal name Dr. Mushtaq Khan
856 ## - Uniform Resource Identifier
Uniform Resource Identifier <a href="http://10.250.8.41:8080/xmlui/handle/123456789/12824">http://10.250.8.41:8080/xmlui/handle/123456789/12824</a>
942 ## - ADDED ENTRY ELEMENTS (KOHA)
Source of classification or shelving scheme
Koha item type Thesis
650 ## - SUBJECT ADDED ENTRY--TOPICAL TERM
-- 16090
700 ## - ADDED ENTRY--PERSONAL NAME
-- 16155
Holdings
Withdrawn status Lost status Source of classification or shelving scheme Damaged status Not for loan Permanent Location Current Location Shelving location Date acquired Full call number Barcode Date last seen Price effective from Non-public note Koha item type
          Central Library (CL) Central Library (CL) Thesis 11/20/2020 621 CL-T-1636 11/20/2020 11/20/2020 Minute Sheet No. 0929/02/CL/Survey/5 dated 23rd April 2024 E-MIN ID 114741 Thesis
© 2023 Central Library, National University of Sciences and Technology. All Rights Reserved.